000 00910nam a22002657a 4500
001 BR6007022
003 BR-BrBNA
005 20230928083250.0
007 ta
008 230509b bl.||||| |||| 00| 0 por d
040 _aBR-BrBNA
_bpor
_cBiblioteca Nacional de Agricultura
041 _a(Por)
072 _aE10; E30; E50
_b/G514
090 _ E10 BR6007022
110 1 _aSociedade Brasileira de Economia Rural, Sao Paulo, SP (Brasil)
_99688
111 1 _a3. Reuniao da Sociedade Brasileira de Economistas Rurais
_cVicosa, MG (Brazil)
_d5 Nov 1962
245 1 _aAnais da 3. Reuniao da Sociedade Brasileira de Economistas Rurais
_bv. 2
260 3 _aVicosa, MG (Brasil):
_bUniversidade Rural do Estado de Minas Gerais,
_c1963.
300 _a349 p.
650 _aMacroeconomia
650 _aDesenvolvimento agricola
650 _aSociologia rural
909 _a202309
_bLucia
_c55
_dLucia Elande
942 _cBK
999 _c12483
_d12483